00447 2200169 4500001002100000008004100021035002000062245006800082100002000150250000600170260004200176300001200218084001400230082000800244650001300252990001200265INLIS000000000000745 ind  a0010-0424000721 aSoal dan Pemahaman OSK Fisika Tahun 2003 / 2017cDavit Sipayung aSipayung, Davit a1 aJakarta :bBina Prestasi Insanic2018 a261 hlm a530 DAV f a530 aNonfiksi a0739636